| 000 | 00942nam a2200241 a 4500 | ||
|---|---|---|---|
| 001 | 58311 | ||
| 003 | BD-RjUL | ||
| 005 | 20211209080616.0 | ||
| 008 | 161217s1956 bg ||||| |||| 00| 0 ben d | ||
| 020 | _c: TK 2.00 | ||
| 035 | _a(BD-RjUL)58435 | ||
| 040 |
_aBD-RjUL _bben _cBD-RjUL |
||
| 041 | _aben | ||
| 082 |
_223 _a297.61 _bSAK 1956 |
||
| 100 |
_aসাহেব, আজহার আলী _9173192 |
||
| 245 | 1 | 0 |
_aখাজা মঈনদ্দীন চিশতী (রঃ) জীবনী / _cআজহার আলী সাহেব |
| 260 |
_aঢাকা : _bওসমানিয়া বুক ডিপো, _c১৯৫৬ [১৩৬৩] |
||
| 300 |
_a১৪৩ পৃ. ; _c১৮ সেমি. |
||
| 650 |
_aইসলামী নেতা _9170329 |
||
| 650 |
_aIslamic Leader _9170330 |
||
| 700 |
_aসাহেব, মোঃ কোরবান আলী, সম্পাদক _9173193 |
||
| 942 |
_2ddc _cBK |
||
| 999 |
_c58311 _d58311 |
||